[Event "Let's Play Chess!"]
[Site "http://www.queenalice.com/game.php?id=221766"]
[Date "2007.6.7"]
[Round "-"]
[White "bambata"]
[Black "karpovl"]
[Result "0-1"]
[WhiteElo "1148"]
[BlackElo "1354"]

1. e4 b6 2. Nf3 d6 3. d3 g6 4. b3 Bg7 5. c3 Bh6 6. Bb2 Nf6 7. c4 Na6 8. Bxf6
exf6 9. Be2 O-O 10. Nd4 Qe7 11. Nc6 Qd7 12. Nd4 c5 13. Nb5 Bg7 14. Bf3 f5 15.
exf5 Re8+ 16. Kf1 Bxa1 17. Bxa8 Bb7 18. N1a3 Bxa8 19. Qxa1 Qxf5 20. Nxd6 Qxd3+
21. Kg1 Qxd6 22. h4 Qd2 23. h5 Re1+ 24. Kh2 Rxa1 25. Rxa1 Qb2 26. Rd1 Qxa3 27.
Rd8+ Kg7 28. Rxa8 Nc7 29. Rb8 gxh5 30. Rc8 Ne6 31. Re8 Qxa2 32. Re7 Qxf2 33.
Rxa7 Nf4 34. Ra6 Qxg2# 0-1

[Event "Let's Play Chess!"]
[Site "http://www.queenalice.com/game.php?id=231517"]
[Date "2007.6.27"]
[Round "-"]
[White "bambata"]
[Black "bepke"]
[Result "0-1"]
[WhiteElo "1354"]
[BlackElo "1258"]

1. e4 e5 2. d3 c6 3. Nh3 d5 4. Bg5 Be7 5. Nc3 Bxg5 6. Be2 Be7 7. O-O Bxh3 8.
gxh3 d4 9. Na4 b5 10. Bh5 bxa4 11. Qf3 Nf6 12. Qf5 g6 13. Qxe5 gxh5 14. f4 Rg8+
15. Kh1 Qd6 16. Rg1 Rxg1+ 17. Rxg1 Qxe5 18. fxe5 Nfd7 19. e6 fxe6 20. Rg8+ Nf8
21. b4 Kf7 22. Rg3 Ng6 23. Rf3+ Kg7 24. e5 Nxe5 25. Rf4 c5 26. bxc5 Bxc5 27. Rh4
Kg6 28. c4 Nbc6 29. Rf4 Rf8 30. Rxf8 Bxf8 0-1

[Event "Jonas Franz"]
[Site "http://www.queenalice.com/game.php?id=231578"]
[Date "2007.6.27"]
[Round "1"]
[White "Jomaley"]
[Black "bambata"]
[Result "1-0"]
[WhiteElo "1441"]
[BlackElo "1174"]

1. e4 e5 2. Bc4 Nh6 3. h3 Na6 4. c3 d6 5. Qa4+ Bd7 6. Bb5 c6 7. Be2 g5 8. Nf3
Rg8 9. Na3 c5 10. Qc4 b5 11. Nxb5 Rb8 12. a4 Bxb5 13. axb5 Nc7 14. Ra5 g4 15.
hxg4 Rxg4 16. b4 d5 17. Qb3 Rxg2 18. Nxe5 Qg5 19. Nc6 Qf4 20. Rf1 Rb6 21. Nxa7
c4 22. Qc2 Ng4 23. Bxg4 Qxg4 24. e5 Re6 25. Nc6 Rh6 26. d4 Rhh2 27. b6 Bh6 28.
bxc7 Bxc1 29. Ra8+ Kd7 30. c8=Q# 1-0

[Event "Let's Play Chess!"]
[Site "http://www.queenalice.com/game.php?id=232124"]
[Date "2007.6.29"]
[Round "-"]
[White "bambata"]
[Black "MrRonMosley"]
[Result "0-1"]
[WhiteElo "1500"]
[BlackElo "1607"]

1. e4 e5 2. c3 Qh4 3. g3 Qxe4+ 4. Be2 Qxh1 5. Kf1 Bc5 6. Bf3 Qxh2 7. d4 d6 8.
dxc5 Bh3+ 9. Nxh3 Qxh3+ 10. Ke2 dxc5 11. Bxb7 Qg4+ 12. f3 Qxg3 13. Bxa8 Ne7 0-1

[Event "Let's Play Chess!"]
[Site "http://www.queenalice.com/game.php?id=234424"]
[Date "2007.7.4"]
[Round "-"]
[White "bambata"]
[Black "karpovl"]
[Result "0-1"]
[WhiteElo "1115"]
[BlackElo "1355"]

1. e3 Na6 2. Bxa6 bxa6 3. b3 Bb7 4. f3 e6 5. g3 Qf6 6. c3 h5 7. Qe2 e5 8. Ba3 e4
9. Qc4 d5 10. Qxc7 Bc6 0-1

[Event "Let's Play Chess!"]
[Site "http://www.queenalice.com/game.php?id=234425"]
[Date "2007.7.4"]
[Round "-"]
[White "bambata"]
[Black "zerocool0"]
[Result "0-1"]
[WhiteElo "1092"]
[BlackElo "1500"]

1. Nf3 c5 2. Ne5 d6 3. Nd3 Nc6 4. e3 e5 5. Qf3 Nh6 6. Nc3 c4 7. Nb4 Nxb4 8. Bxc4
Nxc2+ 9. Kd1 Nxa1 10. e4 Bg4 11. Bxf7+ Nxf7 12. Qxg4 Qg5 13. Qe6+ Be7 14. Nd5
O-O 15. Nxe7+ Kh8 16. d3 Qxg2 17. Re1 Qxf2 18. Re2 Qf6 0-1

[Event "AUTO-INT-514"]
[Site "http://www.queenalice.com/game.php?id=234434"]
[Date "2007.7.4"]
[Round "1"]
[White "bambata"]
[Black "IkeBroflovski"]
[Result "0-1"]
[WhiteElo "1078"]
[BlackElo "1600"]

1. e4 e6 2. d3 d5 3. Nc3 Nf6 4. Bg5 Be7 5. Qf3 c6 6. a4 O-O 7. g3 d4 8. e5 dxc3
9. exf6 Bxf6 10. Bxf6 Qxf6 11. b3 e5 12. d4 exd4 13. Bd3 Qxf3 0-1

[Event "AUTO-INT-514"]
[Site "http://www.queenalice.com/game.php?id=234435"]
[Date "2007.7.4"]
[Round "1"]
[White "IkeBroflovski"]
[Black "bambata"]
[Result "1-0"]
[WhiteElo "1598"]
[BlackElo "1078"]

1. Nf3 b5 2. b3 g6 3. Bb2 f6 4. e4 e5 5. Bxb5 c6 6. Be2 Nh6 7. O-O Ng4 8. h3 Nh6
9. d4 Bb4 10. dxe5 Qb6 11. exf6 O-O 12. Bc4+ d5 13. exd5 Rxf6 14. Bxf6 1-0

[Event "AUTO-INT-514"]
[Site "http://www.queenalice.com/game.php?id=234436"]
[Date "2007.7.4"]
[Round "1"]
[White "bambata"]
[Black "sergiomaia"]
[Result "0-1"]
[WhiteElo "1078"]
[BlackElo "1607"]

1. e4 d5 2. f3 e5 3. Bb5+ c6 4. Ba4 dxe4 5. fxe4 Qd4 6. Bb3 Qxe4+ 7. Ne2 Qxg2 8.
Rf1 Qxh2 9. Bxf7+ Ke7 10. b3 Nf6 11. Rf2 Qh1+ 12. Rf1 Qh4+ 13. Rf2 Kxf7 14. Nec3
Bc5 15. d4 Bxd4 16. Qf3 Qxf2+ 17. Qxf2 Bxf2+ 18. Kxf2 h5 19. Bg5 Bf5 20. Nd2
Bxc2 21. Rc1 Bf5 22. Nf3 Ng4+ 0-1

[Event "AUTO-INT-514"]
[Site "http://www.queenalice.com/game.php?id=234437"]
[Date "2007.7.4"]
[Round "1"]
[White "sergiomaia"]
[Black "bambata"]
[Result "1-0"]
[WhiteElo "1605"]
[BlackElo "1078"]

1. d4 e6 2. e4 g6 3. e5 Bb4+ 4. Bd2 a5 5. Bxb4 axb4 6. Qd2 Ra5 7. Qxb4 Nc6 8.
Qc3 Qh4 9. Nf3 Qe4+ 10. Be2 Rd5 11. b4 Nxd4 12. Nxd4 Rxe5 13. O-O Rg5 14. Bf3
Qh4 15. Qxc7 Ne7 16. Qc3 O-O 17. a4 Nd5 18. Qd2 Nf4 19. g3 Nh3+ 20. Kg2 e5 21.
Nb5 d6 22. Kh1 Qc4 23. N1a3 1-0

[Event "AUTO-INT-514"]
[Site "http://www.queenalice.com/game.php?id=234438"]
[Date "2007.7.4"]
[Round "1"]
[White "bambata"]
[Black "Xavier"]
[Result "0-1"]
[WhiteElo "1078"]
[BlackElo "1584"]

1. e4 Nc6 2. Bb5 Nd4 3. Ba4 b5 4. c3 bxa4 5. cxd4 Nf6 6. b3 Bb7 7. d3 axb3 8.
axb3 e6 9. Ra5 Bb4+ 10. Bd2 Bxa5 11. Bxa5 O-O 12. Qc1 Rc8 13. Qc5 a6 14. Qa7 Bc6
15. Nf3 Ra8 16. Qc5 Rb8 17. e5 Rb5 18. Qa3 Nh5 19. Nc3 Rb7 20. Bb4 Re8 21. Na4
Bxa4 22. Qxa4 Nf4 23. Qxa6 Rxb4 24. h4 Rxb3 25. Ng5 Rb1+ 26. Kd2 Rxh1 27. Qa7
Nxg2 28. d5 Nxh4 29. dxe6 Qxg5+ 30. Kc2 Qc1+ 0-1

[Event "AUTO-INT-514"]
[Site "http://www.queenalice.com/game.php?id=234439"]
[Date "2007.7.4"]
[Round "1"]
[White "Xavier"]
[Black "bambata"]
[Result "1-0"]
[WhiteElo "1562"]
[BlackElo "1092"]

1. e4 e5 2. Bc4 Bb4 3. Qf3 Qh4 4. c3 Bc5 5. g3 Qg5 6. b4 Bd6 7. Nh3 Qh6 8. Qxf7+
Kd8 9. Qf5 b6 10. O-O Nf6 11. d4 Qh5 12. Qxh5 Nxh5 13. Ng5 Be7 14. Nf7+ Ke8 15.
Nxh8 Bb7 16. d5 g6 17. Na3 g5 18. Nb5 Bd8 19. d6 c6 20. Nc7+ Bxc7 21. dxc7 Na6
22. Nf7 Nxc7 23. Nd6+ Kd8 24. Nxb7+ Kc8 25. Nd6+ Kd8 26. Bxg5+ Nf6 27. Bxf6# 1-0

[Event "AUTO-OPEN-725"]
[Site "http://www.queenalice.com/game.php?id=234603"]
[Date "2007.7.4"]
[Round "1"]
[White "PedroNRF"]
[Black "bambata"]
[Result "1-0"]
[WhiteElo "1620"]
[BlackElo "1092"]

1. e4 e5 2. Bc4 Nf6 3. d4 Nxe4 4. Qf3 Nd6 5. Bb3 exd4 6. Ne2 Qe7 7. Bf4 d3 8.
cxd3 h5 9. Nc3 g6 10. Nd5 Qd8 11. O-O Bg7 12. Bxd6 cxd6 13. Nc7+ Qxc7 14. Qxf7+
Kd8 15. Qxg7 1-0

[Event "AUTO-OPEN-725"]
[Site "http://www.queenalice.com/game.php?id=234604"]
[Date "2007.7.4"]
[Round "1"]
[White "bambata"]
[Black "PedroNRF"]
[Result "0-1"]
[WhiteElo "1092"]
[BlackElo "1588"]

1. e4 e5 2. Bc4 Nf6 3. d3 d5 4. Bxd5 Nxd5 5. exd5 Qxd5 6. c4 Qxg2 7. Qa4+ Bd7 8.
Qb3 Bc6 9. Kd2 Qxh1 10. Ne2 Qxh2 11. Ng3 Qxf2+ 12. Kd1 Bf3+ 13. Ne2 Qxe2# 0-1

[Event "AUTO-OPEN-725"]
[Site "http://www.queenalice.com/game.php?id=234623"]
[Date "2007.7.4"]
[Round "1"]
[White "Sertori"]
[Black "bambata"]
[Result "1-0"]
[WhiteElo "1505"]
[BlackElo "1092"]

1. e4 e5 2. Bc4 Ne7 3. Qh5 Ng6 4. Nf3 d6 5. O-O Nc6 6. Ng5 Nd4 7. Bxf7+ Kd7 8.
Bxg6 Ne2+ 9. Kh1 h6 10. Nf7 Qf6 11. Nxh8 d5 12. Nf7 1-0

[Event "AUTO-OPEN-725"]
[Site "http://www.queenalice.com/game.php?id=234624"]
[Date "2007.7.4"]
[Round "1"]
[White "bambata"]
[Black "Sertori"]
[Result "0-1"]
[WhiteElo "1078"]
[BlackElo "1531"]

1. e4 e5 2. b3 Nc6 3. Bc4 Nf6 4. Qf3 Nd4 5. Qd3 c6 6. Qg3 Nxe4 7. Qxe5+ Qe7 8.
Qxd4 Ng3+ 9. Be2 Nxh1 10. Ba3 d6 11. Nc3 c5 12. Qd5 Qf6 13. Nf3 Be7 14. Bb5+ Kf8
15. b4 a6 16. Bc4 Rb8 17. Ne4 Qg6 18. b5 Be6 0-1

[Event "AUTO-OPEN-725"]
[Site "http://www.queenalice.com/game.php?id=234635"]
[Date "2007.7.4"]
[Round "1"]
[White "bambata"]
[Black "rafaeldias"]
[Result "0-1"]
[WhiteElo "1084"]
[BlackElo "1395"]

1. e4 e5 2. Bc4 Nh6 3. Qh5 Nc6 4. d3 g6 5. Qf3 Nd4 6. Bxf7+ Nxf7 7. Qg4 Nxc2+ 8.
Kd1 Nxa1 9. Be3 d5 10. Qf3 d4 11. Bd2 Bd7 12. b3 a5 13. Na3 Bxa3 14. Bxa5 Rxa5
15. Nh3 Rc5 16. Re1 Bxh3 17. gxh3 Rc1+ 18. Kd2 Rc2+ 19. Kd1 Rxa2 20. Rg1 Nxb3
0-1

[Event "AUTO-OPEN-725"]
[Site "http://www.queenalice.com/game.php?id=234636"]
[Date "2007.7.4"]
[Round "1"]
[White "rafaeldias"]
[Black "bambata"]
[Result "1-0"]
[WhiteElo "1389"]
[BlackElo "1092"]

1. d4 e6 2. d5 exd5 3. Qxd5 f6 4. Nf3 a5 5. g3 Bb4+ 6. c3 c6 7. Qh5+ g6 8. Qh4
Bc5 9. e3 Ne7 10. Qxf6 Rf8 11. Qe5 Rxf3 12. Qxc5 Nd5 13. Bg2 Rf5 14. e4 Rf6 15.
exd5 cxd5 16. Qxd5 Qe7+ 17. Be3 Rf5 18. Qd3 Qf7 19. O-O Rh5 20. Re1 Nc6 21. Na3
1-0